Welfare economics : a liberal restatement /
Saved in:
| 主要作者: | |
|---|---|
| 其他作者: | |
| 格式: | 图书 |
| 出版: |
London :
Martin Robertson,
1975.
|
| 丛编: | York studies in economics
|
| 主题: | |
| 标签: |
添加标签
没有标签, 成为第一个标记此记录!
|
MARC
| LEADER | 00000cam a2200000 i 4500 | ||
|---|---|---|---|
| 020 | |a 9780855200374 |c NA | ||
| 040 | |a MUL |b eng. |e AACR | ||
| 082 | 0 | 0 | |a 330.155 ROW |
| 100 | 1 | |a Rowley, Charles Kershaw. | |
| 245 | 1 | 0 | |a Welfare economics : |b a liberal restatement / |c Charles K. Rowley, Alan T. Peacock. |
| 260 | |a London : |b Martin Robertson, |c 1975. | ||
| 300 | |a viii, 198 p. : |b ill. ; |c 23 cm. | ||
| 440 | 0 | |a York studies in economics | |
| 504 | |a Includes bibliographies. | ||
| 505 | |a The optimality conditions Market failure Empire-building The new left Liberalism Collective choice Justice Market regulation | ||
| 546 | |a eng. | ||
| 650 | 0 | |a Welfare economics. | |
| 700 | 1 | |a Peacock, Alan T., |d 1922-2014, | |
| 942 | |c BK | ||
| 999 | |c 8047 |d 8047 | ||